000 00341nam a2200145Ia 4500
008 240624s9999 xx 000 0 und d
041 _aeng
082 _a891.46 DES
100 _aDESAI RANJIT
245 _aSWAMI
250 _a(23rd ed.)
260 _c2002
_aPune
_bMehta Publishing House
300 _a417 : p. : cm. ; 21
365 _cRS
_b20
999 _c6883
_d6883